<?xml version="1.0" encoding="UTF-8"?>
<record
    xmlns:xsi="http://www.w3.org/2001/XMLSchema-instance"
    xsi:schemaLocation="http://www.loc.gov/MARC21/slim http://www.loc.gov/standards/marcxml/schema/MARC21slim.xsd"
    xmlns="http://www.loc.gov/MARC21/slim">

  <leader>01256nam a22002657a 4500</leader>
  <controlfield tag="003">3228</controlfield>
  <controlfield tag="005">20250327142200.0</controlfield>
  <controlfield tag="008">250327b        sa ||||| |||| 00| 0 eng d</controlfield>
  <datafield tag="020" ind1=" " ind2=" ">
    <subfield code="a">9780702 176814</subfield>
  </datafield>
  <datafield tag="040" ind1=" " ind2=" ">
    <subfield code="a">RDA</subfield>
    <subfield code="b">ENGLISH</subfield>
    <subfield code="c">3228</subfield>
  </datafield>
  <datafield tag="082" ind1=" " ind2=" ">
    <subfield code="a">344.68046 KIDD</subfield>
  </datafield>
  <datafield tag="100" ind1=" " ind2=" ">
    <subfield code="a">Kidd, Michael</subfield>
    <subfield code="9">109972</subfield>
  </datafield>
  <datafield tag="245" ind1=" " ind2=" ">
    <subfield code="a">Environmental law</subfield>
    <subfield code="c">Michael Kidd.</subfield>
  </datafield>
  <datafield tag="260" ind1=" " ind2=" ">
    <subfield code="a">Cape Town, South Africa : </subfield>
    <subfield code="b">Juta,</subfield>
    <subfield code="c">2008.</subfield>
  </datafield>
  <datafield tag="300" ind1=" " ind2=" ">
    <subfield code="a">xxxiv, 270 pages</subfield>
    <subfield code="b">colour illustrations:</subfield>
    <subfield code="c">25 cm</subfield>
  </datafield>
  <datafield tag="500" ind1=" " ind2=" ">
    <subfield code="a">"Successor to ... Environmental law : a South African guide"--Page 4 of cover.</subfield>
  </datafield>
  <datafield tag="504" ind1=" " ind2=" ">
    <subfield code="a">Includes bibliographical references (pages xi-xviii) and index.</subfield>
  </datafield>
  <datafield tag="521" ind1=" " ind2=" ">
    <subfield code="a">Adult</subfield>
  </datafield>
  <datafield tag="650" ind1=" " ind2=" ">
    <subfield code="2">Introduction -- The Constitution and framework environmental legislation -- International environmental law -- Water law and the environment -- Conservation of biodiversity -- Pollution control and waste management -- Land use and planning -- Implementation and administration of environmental law -- Environmental justice : a South African perspective.</subfield>
  </datafield>
  <datafield tag="651" ind1=" " ind2=" ">
    <subfield code="a">South Africa</subfield>
  </datafield>
  <datafield tag="654" ind1=" " ind2=" ">
    <subfield code="2">Environmental law  South Africa</subfield>
  </datafield>
  <datafield tag="690" ind1=" " ind2=" ">
    <subfield code="2">212307167</subfield>
  </datafield>
  <datafield tag="700" ind1=" " ind2=" ">
    <subfield code="a">Sharon Steyn, Rae Dalton, ANdtp Services, Marius Roux, Creda Communications</subfield>
    <subfield code="9">192705</subfield>
  </datafield>
  <datafield tag="942" ind1=" " ind2=" ">
    <subfield code="2">ddc</subfield>
    <subfield code="c">BOOK</subfield>
    <subfield code="w">12663</subfield>
    <subfield code="x">Priscilla Nozizwe Mogale</subfield>
    <subfield code="y">12663</subfield>
    <subfield code="z">Priscilla Nozizwe Mogale</subfield>
  </datafield>
  <datafield tag="999" ind1=" " ind2=" ">
    <subfield code="c">773551</subfield>
    <subfield code="d">773550</subfield>
  </datafield>
  <datafield tag="952" ind1=" " ind2=" ">
    <subfield code="0">0</subfield>
    <subfield code="1">0</subfield>
    <subfield code="2">ddc</subfield>
    <subfield code="4">0</subfield>
    <subfield code="7">0</subfield>
    <subfield code="8">300</subfield>
    <subfield code="a">MKHUL</subfield>
    <subfield code="b">MKHUL</subfield>
    <subfield code="c">Non_Fiction</subfield>
    <subfield code="d">2025-03-27</subfield>
    <subfield code="l">0</subfield>
    <subfield code="o">344.68046 KIDD</subfield>
    <subfield code="p">33228 022535429</subfield>
    <subfield code="r">2025-03-27</subfield>
    <subfield code="w">2025-03-27</subfield>
    <subfield code="y">BOOK</subfield>
  </datafield>
</record>
